000 01506nam a22002537a 4500
999 _c58667
_d58667
003 Ge_BSU
005 20220624113326.0
008 220624s2019 ge ||||| |||| 00| 0 geo d
020 _a9789941302824
041 _ageo
080 _a16 პ-79
100 _aპრისტი, გრემ
_914221
245 _aლოგიკა :
_bძალიან მოკლე შესავალი /
_cგრემ პრისტი ; მთარგმნელი ნიკა სამუშია ; სამეცნიერო რედაქტორი თამარ ცხადაძე ; რედაქტორი ნინო გოგალაძე ; დიზაინერი ია მახათაძე.
264 _aთბილისი :
_bბაკურ სულაკაურის გამომცემლობა,
_c 2019.
300 _a196 გვ. :
_bფოტ., ცხრ. ;
_c17 სმ.
501 _aსაძიებელი: გვ. 195-196.
504 _aბიბლიოგრაფია: გვ. 189-190.
653 _aლოგიკა
700 _aსამუშია, ნიკა
_eმთარგმნელი
_914222
700 _aცხადაძე, თამარ
_eსამეცნიერო რედაქტორი
_914223
700 _aგოგალაძე, ნინო
_eრედაქტორი
_912334
700 _aმახათაძე, ია
_eდიზაინერი
_95299
942 _2udc
_cBK